Представление документа в формате MARC21

Поле Инд. ПП Название Значение
Тип записи a
Библиографический уровень b
001 Контрольный номер RU/IS/BASE/307117901
005 Дата корректировки 20200610181800.2
008 Кодируемые данные 20090924
040 b Код языка каталог. rus
e Правила каталог. PSBO
041 0_ a Код языка текста rus
084 a Индекс другой классификации/Индекс ББК 81.411.2-03
100 1_ a Автор Савельев В. С.
245 10 a Заглавие Авторские принципы организации прямой речи персонажей "Повести временных лет"
504 a Библиография Библиогр.: с. 120
650 14 a Основная рубрика русский язык
a Основная рубрика филологические науки
a Основная рубрика частное языкознание
a Основная рубрика языкознание
a Основная рубрика история языка
653 1_ a Ключевые слова "Повесть временных лет"
a Ключевые слова древнерусская литература
a Ключевые слова Древняя Русь
a Ключевые слова летописи
a Ключевые слова прямая речь
a Ключевые слова устная речь
773 08 t Заглавие источника Вестник Московского университета. Серия 9, Филология
d Дата издания источника 2009
g Прочая информация № 1. - С. 114 - 120
w Контрольный № источника RU/IS/BASE/299591630
901 t Тип документа b